[Event "IECC CL4-2016.01 email"]
[Site "IECC email"]
[Date "2016.06.14"]
[Round "?"]
[White "Reinders, John"]
[Black "Torre, Leandro"]
[Result "1-0"]
[WhiteElo "1708"]
[BlackElo "1714"]
[PlyCount "58"]
[EventDate "2016.??.??"]
[EventType "tourn (corr)"]
[EventRounds "4"]
[SourceTitle "Corr 2020"]
[Source "ChessBase"]
[SourceDate "2019.09.30"]
[SourceVersion "1"]
[SourceVersionDate "2019.09.30"]
[SourceQuality "1"]
[WhiteTeam "Netherlands"]
[BlackTeam "Philippines"]
[WhiteTeamCountry "NED"]
[BlackTeamCountry "PHI"]

1. e4 c5 2. Nf3 e6 3. Nc3 Nc6 4. Bb5 Bd6 5. 0-0 Nge7 6. d4 cxd4 7. Nxd4 Qc7 8. Nf3 0-0 9. Be2 a6 10. a3 Ne5 11. Nd4 N5c6 12. g3 Nxd4 13. Qxd4 Be5 14. Qd3 f5 15. Bf3 Bxc3 16. bxc3 Ng6 17. exf5 Ne5 18. Bf4 Rxf5 19. Bxe5 Rxe5 20. Rae1 Rc5 21. Re3 d5 22. Rfe1 Qa5 23. Bg4 Qxa3 24. Rf3 Qa4 25. Bxe6+ Bxe6 26. Rxe6 Qd7 27. Qe2 Rc7 28. Qe5 Rd8 29. Rd3 h6 1-0

[Event "IECC CL4-2015.02 email"]
[Site "IECC email"]
[Date "2015.03.18"]
[Round "?"]
[White "Basson, Heinrich"]
[Black "Reinders, John"]
[Result "1/2-1/2"]
[WhiteElo "1671"]
[BlackElo "1697"]
[PlyCount "41"]
[EventDate "2015.??.??"]
[EventType "tourn (corr)"]
[EventRounds "4"]
[SourceTitle "Corr 2020"]
[Source "ChessBase"]
[SourceDate "2019.09.30"]
[SourceVersion "1"]
[SourceVersionDate "2019.09.30"]
[SourceQuality "1"]
[WhiteTeam "South Africa"]
[BlackTeam "Netherlands"]
[WhiteTeamCountry "RSA"]
[BlackTeamCountry "NED"]

1. Nf3 f5 2. d4 e6 3. g3 Nf6 4. Bg2 Be7 5. 0-0 0-0 6. c3 d6 7. Nbd2 Qe8 8. Nc4 Ne4 9. Ncd2 Nc6 10. Nxe4 fxe4 11. Nd2 d5 12. f3 exf3 13. Bxf3 b6 14. Bg2 Ba6 15. Rxf8+ Qxf8 16. e4 Rd8 17. Qh5 g6 18. Qd1 Bf6 19. Qe1 Nxd4 20. cxd4 Bxd4+ 21. Kh1 1/2-1/2

[Event "IECG CD.2003.0.00056 email"]
[Site "IECG email"]
[Date "2003.05.13"]
[Round "1"]
[White "Reinders, John"]
[Black "Udot, Oleg"]
[Result "0-1"]
[WhiteElo "1512"]
[BlackElo "1500"]
[PlyCount "112"]
[EventDate "2003.04.22"]
[EventType "tourn (corr)"]
[EventRounds "6"]
[SourceTitle "Corr 2008"]
[Source "ChessBase"]
[SourceDate "2008.06.24"]
[SourceVersion "1"]
[SourceVersionDate "2008.06.24"]
[SourceQuality "1"]

1. e4 c6 2. d4 d5 3. Nc3 dxe4 4. Nxe4 Nd7 5. Bc4 Ngf6 6. Ng5 e6 7. Qe2 Nb6 8. Bd3 h6 9. N5f3 c5 10. dxc5 Bxc5 11. Ne5 Nbd7 12. Ngf3 Qc7 13. 0-0 0-0 14. Bf4 Nh5 15. Bd2 Bd6 16. Rfe1 Nxe5 17. Nxe5 Nf6 18. Rad1 b6 19. c4 Bb7 20. Bc3 Rad8 21. a3 a6 22. b4 Rfe8 23. f4 a5 24. Qe3 axb4 25. axb4 Ra8 26. Bd4 Bxb4 27. Bxb6 Qe7 28. Re2 Ra6 29. Bd4 Rd8 30. Kh1 Ra3 31. Qf2 Nd7 32. Rb2 Nxe5 33. fxe5 Bc6 34. Bc2 Raa8 35. Rdb1 Qd7 36. Rxb4 Qxd4 37. Qxd4 Rxd4 38. Rb8+ Rd8 39. Rxa8 Rxa8 40. Kg1 Kf8 41. Rb6 Be8 42. Be4 Rc8 43. Kf2 Rxc4 44. Ke3 Rc7 45. g4 Ke7 46. Kd4 f6 47. exf6+ gxf6 48. h3 h5 49. gxh5 Bxh5 50. h4 f5 51. Bc6 Kf6 52. Ke3 Bg4 53. Kf4 e5+ 54. Ke3 Kg7 55. Kf2 Rc8 56. Bd5 Rc2+ 0-1

[Event "IECG CD.2003.0.00056 email"]
[Site "IECG email"]
[Date "2003.04.22"]
[Round "?"]
[White "Loven, Jonas"]
[Black "Reinders, John"]
[Result "0-1"]
[WhiteElo "1588"]
[BlackElo "1512"]
[PlyCount "28"]
[EventDate "2003.04.22"]
[EventType "tourn (corr)"]
[EventRounds "6"]
[SourceTitle "Corr 2008"]
[Source "ChessBase"]
[SourceDate "2008.06.24"]
[SourceVersion "1"]
[SourceVersionDate "2008.06.24"]
[SourceQuality "1"]

1. e4 c5 2. Nf3 e6 3. d4 cxd4 4. Nxd4 Nf6 5. Nc3 d6 6. g4 e5 7. Nf5 h5 8. f3 hxg4 9. fxg4 g6 10. Ne3 Bh6 11. Be2 Bf4 12. g5 Bxg5 13. Nf5 Bxc1 14. Nxd6+ Ke7 0-1

[Event "IECC Swiss email"]
[Site "IECC email"]
[Date "2003.04.18"]
[Round "?"]
[White "Reinders, John"]
[Black "Pina, Jose Manuel"]
[Result "0-1"]
[WhiteElo "1531"]
[BlackElo "2107"]
[PlyCount "46"]
[EventDate "2003.??.??"]
[EventType "tourn (corr)"]
[EventRounds "6"]
[SourceTitle "Corr 2008"]
[Source "ChessBase"]
[SourceDate "2008.06.24"]
[SourceVersion "1"]
[SourceVersionDate "2008.06.24"]
[SourceQuality "1"]

1. e4 e5 2. Nf3 Nf6 3. Nxe5 d6 4. Nxf7 Kxf7 5. d4 c5 6. dxc5 Qe8 7. Nc3 d5 8. Bg5 Nbd7 9. Bb5 Qe6 10. 0-0 dxe4 11. Qe2 Qe5 12. c6 bxc6 13. Bxc6 Bd6 14. Bf4 Qxf4 15. g3 Qe5 16. Bxa8 Nc5 17. Bc6 Bg4 18. Qe3 Rc8 19. Bb5 Bf3 20. Bc4+ Kf8 21. Rfe1 Qh5 22. h4 Qg4 23. Be2 Bxg3 0-1